Le Corbusier : (Record no. 23607)

000 -LEADER
fixed length control field 01372cam a2200313 a 4500
001 - CONTROL NUMBER
control field 16081233
005 - DATE AND TIME OF LATEST TRANSACTION
control field 20170126124522.0
008 - FIXED-LENGTH DATA ELEMENTS--GENERAL INFORMATION
fixed length control field 100202s2011 nyua b 001 0 eng
010 ## - LIBRARY OF CONGRESS CONTROL NUMBER
LC control number 2010004855
020 ## - INTERNATIONAL STANDARD BOOK NUMBER
International Standard Book Number 9781568989730 (alk. paper)
020 ## - INTERNATIONAL STANDARD BOOK NUMBER
International Standard Book Number 9781568989808 (pbk. : alk. paper)
050 00 - LIBRARY OF CONGRESS CALL NUMBER
Classification number NA1053.J4
Item number B69 2011
100 1# - MAIN ENTRY--PERSONAL NAME
Personal name Boyer, M. Christine.
245 10 - TITLE STATEMENT
Title Le Corbusier :
Remainder of title homme de lettres /
Statement of responsibility, etc. M. Christine Boyer.
250 ## - EDITION STATEMENT
Edition statement 1st ed.
260 ## - PUBLICATION, DISTRIBUTION, ETC. (IMPRINT)
Place of publication, distribution, etc. New York :
Name of publisher, distributor, etc. Princeton Architectural Press,
Date of publication, distribution, etc. c2011.
300 ## - PHYSICAL DESCRIPTION
Extent 781 p. :
Other physical details ill. (some col.) ;
Dimensions 23 cm.
504 ## - BIBLIOGRAPHY, ETC. NOTE
Bibliography, etc Includes bibliographical references and index.
600 00 - SUBJECT ADDED ENTRY--PERSONAL NAME
Personal name Le Corbusier,
Dates associated with a name 1887-1965
General subdivision Criticism and interpretation.
600 00 - SUBJECT ADDED ENTRY--PERSONAL NAME
Personal name Le Corbusier,
Dates associated with a name 1887-1965
General subdivision Written works.
650 #0 - SUBJECT ADDED ENTRY--TOPICAL TERM
Topical term or geographic name as entry element City planning.
700 0# - ADDED ENTRY--PERSONAL NAME
Personal name Le Corbusier,
Dates associated with a name 1887-1965.
942 ## - ADDED ENTRY ELEMENTS (KOHA)
Source of classification or shelving scheme
Koha item type Hard Covered Materials
Holdings
Withdrawn status Lost status Source of classification or shelving scheme Damaged status Not for loan Home library Current library Shelving location Date acquired Source of acquisition Total Checkouts Full call number Barcode Date last seen Price effective from Koha item type
          MACHAKOS UNIVERSITY LIBRARY MACHAKOS UNIVERSITY LIBRARY Technical section 26/01/2017 Donation(BFA)   NA278 .P78M54 1978 32428 10/07/2018 26/01/2017 Hard Covered Materials
© Machakos University Library, Along The Highway, Machakos Wote Rd, Machakos, Kenya P.O. Box 136 - 90100 Machakos - Kenya

Tel: ( +254 ) 723 805829 OR Fax : 044-20353 OR Email: library@mksu.ac.ke